| 000 -LEADER |
| fixed length control field |
00970cam a2200241 a 4500 |
| 001 - CONTROL NUMBER |
| control field |
217906 |
| 003 - CONTROL NUMBER IDENTIFIER |
| control field |
OCoLC |
| 005 - DATE AND TIME OF LATEST TRANSACTION |
| control field |
20190726092555.0 |
| 008 - FIXED-LENGTH DATA ELEMENTS--GENERAL INFORMATION |
| fixed length control field |
s1994 sp a 000 0 spa d |
| 020 ## - INTERNATIONAL STANDARD BOOK NUMBER |
| International Standard Book Number |
8429436154 (pbk.) |
| 020 ## - INTERNATIONAL STANDARD BOOK NUMBER |
| International Standard Book Number |
9788429436150 |
| 040 ## - CATALOGING SOURCE |
| Transcribing agency |
PVY |
| 082 04 - DEWEY DECIMAL CLASSIFICATION NUMBER |
| Classification number |
FIC PAR |
| 100 2# - MAIN ENTRY--PERSONAL NAME |
| Personal name |
Pardo Bazan, Emillia, |
| Titles and words associated with a name |
condesa de, |
| Dates associated with a name |
1852-1921. |
| 245 14 - TITLE STATEMENT |
| Title |
Los pazos de Ulloa / |
| Statement of responsibility, etc. |
Rosana Acquaroni ; ilustraciones interiores: Antonio Tello. |
| 260 ## - PUBLICATION, DISTRIBUTION, ETC. |
| Place of publication, distribution, etc. |
Madrid : |
| Name of publisher, distributor, etc. |
Universidad de Salamanca y Santillana, S. A. , |
| Date of publication, distribution, etc. |
c1994. |
| 300 ## - PHYSICAL DESCRIPTION |
| Extent |
120 p. : |
| Other physical details |
ill. ; map ; |
| Dimensions |
19 cm. |
| 490 ## - SERIES STATEMENT |
| Series statement |
Leer en Espanol. |
| Volume/sequential designation |
Nivel 6 |
| 500 ## - GENERAL NOTE |
| General note |
Coordinacion editorial: Silvia Courtier. |
| 500 ## - GENERAL NOTE |
| General note |
"La coleccion Leer en Espanol ha sido concebida y disenada por el Departamento de Idiomas de la Editiorial Santillana, S. A. Sonar un crimen es una obra original de Rosana Acquaroni para el Nivel 6 de esta coleccion." |
| 650 #0 - SUBJECT ADDED ENTRY--TOPICAL TERM |
| Topical term or geographic name entry element |
Spanish language |
| General subdivision |
Readers. |
| 942 ## - ADDED ENTRY ELEMENTS (KOHA) |
| Source of classification or shelving scheme |
|
| Koha item type |
Books - Fiction |